Renewables Obligation Banding Review for the period 1 April 2013 to 31 March 2017 (Record no. 114798)

MARC details
000 -LEADER
fixed length control field 01288cad a22002055a 4500
001 - CONTROL NUMBER
control field L157494
008 - FIXED-LENGTH DATA ELEMENTS--GENERAL INFORMATION
fixed length control field 121219s2012 xxk f 000 0 eng d
035 ## - SYSTEM CONTROL NUMBER
System control number (Sirsi) u157494
041 0# - LANGUAGE CODE
Language code of text/sound track or separate title eng
110 2# - MAIN ENTRY--CORPORATE NAME
Corporate name or jurisdiction name as entry element United Kingdom
Subordinate unit Department of Energy and Climate Change
9 (RLIN) 5850
245 00 - TITLE STATEMENT
Title Renewables Obligation Banding Review for the period 1 April 2013 to 31 March 2017
Remainder of title Government Response to further consultations on solar PV support, biomass affordability and retaining the minimum calorific value requirement in the RSO
Medium [electronic resource]
260 ## - PUBLICATION, DISTRIBUTION, ETC.
Place of publication, distribution, etc. London
Name of publisher, distributor, etc. DECC
Date of publication, distribution, etc. 2012
520 ## - SUMMARY, ETC.
Summary, etc. Government's response to three consultations; solar PV, biomass affordability and on retaining a minimum gross calorific value requirement. In order to incentivise solar projects on buildings, building-mounted solar PV projects will receive higher rates than ground-mounted projects. This will encourage the installation of solar projects at large factory or warehouse buildings.
590 ## - LOCAL NOTE (RLIN)
Local note KA
651 #4 - SUBJECT ADDED ENTRY--GEOGRAPHIC NAME
Geographic name ENGLAND AND WALES
690 ## - LOCAL SUBJECT ADDED ENTRY--TOPICAL TERM (OCLC, RLIN)
Topical term or geographic name as entry element Energy
9 (RLIN) 6237
690 ## - LOCAL SUBJECT ADDED ENTRY--TOPICAL TERM (OCLC, RLIN)
Topical term or geographic name as entry element Sustainability
9 (RLIN) 6271
856 40 - ELECTRONIC LOCATION AND ACCESS
Uniform Resource Identifier <a href="https://www.decc.gov.uk/assets/decc/11/consultation/ro-banding/7328-renewables-obligation-banding-review-for-the-perio.pdf">https://www.decc.gov.uk/assets/decc/11/consultation/ro-banding/7328-renewables-obligation-banding-review-for-the-perio.pdf</a>
Public note View the item free of charge at www.decc.gov
942 ## - ADDED ENTRY ELEMENTS (KOHA)
Suppress in OPAC 0
Holdings
Withdrawn status Lost status Source of classification or shelving scheme Damaged status Not for loan Home library Current library Shelving location Date acquired Total Checkouts Full call number Barcode Date last seen Copy number Price effective from Koha item type
    Dewey Decimal Classification     Virtual Virtual Online 19/12/2012   ONLINE PUBLICATION 157494-2001 06/08/2019 1 06/08/2019 Book